Information technology in the library/information school curriculum : an international conference /

Bibliographic Details
Corporate Author: International Conference on Information Technology in the Library/Information School Curriculum
Other Authors: Armstrong, C. J., Keenan, Stella
Format: Conference Proceeding Book
Language:English
Published: Brookfield, VT : Gower Pub. Co., [1985]
Subjects:

MARC

Tag First Indicator Second Indicator Subfields
LEADER 00000pam a2200000 a 4500
001 in00000382621
005 20151011125411.0
008 850611s1985 vtu b 10100 eng
010 |a  85014656  
020 |a 056603526X :  |c $53.95 
035 |a (OCoLC)12217198 
035 |9 ABS7151AM 
039 0 |a 2  |b 3  |c 3  |d 3  |e 3 
040 |a DLC  |c DLC  |d TXA  |d UtOrBLW 
049 |a TXAM  |c [A09240882] 
050 0 0 |a Z668  |b .I474 1985 
082 0 |a 020/.7/11  |2 19 
245 0 0 |a Information technology in the library/information school curriculum :  |b an international conference /  |c edited by Chris Armstrong and Stella Keenan. 
264 1 |a Brookfield, VT :  |b Gower Pub. Co.,  |c [1985] 
264 4 |c ©1985 
300 |a viii, 266 pages ;  |c 23 cm. 
336 |a text  |b txt  |2 rdacontent 
337 |a unmediated  |b n  |2 rdamedia 
338 |a volume  |b nc  |2 rdacarrier 
500 |a Proceedings of the International Conference on Information Technology in the Library/Information School Curriculum, London, 8-10 December 1983. 
504 |a Includes bibliographies and indexes. 
650 0 |a Library education  |v Congresses. 
650 0 |a Information science  |x Study and teaching  |v Congresses. 
650 0 |a Library science  |x Technological innovations  |x Study and teaching  |x Congresses. 
650 0 |a Libraries  |x Automation  |x Study and teaching  |x Congresses. 
700 1 |a Armstrong, C. J. 
700 1 |a Keenan, Stella. 
711 2 |a International Conference on Information Technology in the Library/Information School Curriculum  |d (1983 :  |c London, England) 
999 |a MARS 
999 f f |s df1cc13b-f0d9-3573-9802-9bb092fd32cc  |i 392b095a-e9d3-319c-a4f6-6c14400fc59e  |t 0 
952 f f |p ric  |a Texas A&M University  |b Rellis Campus  |c Joint Library Facility  |d Remote Storage  |t 0  |e Z668 .I474 1985  |h Library of Congress classification  |i unmediated -- volume  |m A14809240882 
998 f f |a Z668 .I474 1985  |t 0  |l Remote Storage